002590000a220007300045001000020000002450082000203000036001027730047001381 aHeil, John Paul10aThe double meaning of the narrative of universal judgment in Matthew 25.31-46 aNúm 69 (1998), Páginas 3-140 tJournal for the Study of the New Testament